| 000 | 01753cam a22003977a 4500 | ||
|---|---|---|---|
| 003 | CHAP | ||
| 005 | 20220329141014.0 | ||
| 008 | 971013d1996 mx b r o00010 spa d | ||
| 010 | _a61174 | ||
| 011 | _a62146 | ||
| 035 | _a66320 | ||
| 040 | _cCHAP | ||
| 082 | 0 | 4 |
_a333.0972 _bI58 Oax. |
| 110 | 0 |
_aInstituto Nacional de Estadística, Geografía e Informática. México _959304 |
|
| 245 | 1 | 0 |
_aDatos por ejido y comunidad agraria _b: Oaxaca |
| 260 |
_aAguascalientes, Ags. : _bInstituto Nacional de Estadística, Geografía e Informática, _c1996. |
||
| 300 | _a2 v. | ||
| 500 | _aElaborado con información del XI Censo general de población y vivienda, 1990 y VII Censo agropecuario, 1991 | ||
| 590 |
_aBATCH-UPD _b10 _c20130110 _lUCH01 _h0859 |
||
| 590 |
_aBATCH-UPD _b10 _c20130410 _lUCH01 _h0529 |
||
| 590 |
_aBATCH-UPD _b10 _c20130914 _lUCH01 _h1332 |
||
| 590 |
_aCONVERSION _b10 _c20130109 _lUCH01 _h1333 |
||
| 650 | 1 | 4 |
_aEjidos _zOaxaca. _936040 |
| 650 | 1 | 4 |
_aOaxaca _xCondiciones rurales. _982477 |
| 650 | 1 | 4 |
_aPoblación _xEstadísticas _zOaxaca. _989392 |
| 650 | 1 | 4 |
_aPoblación _zOaxaca. _989432 |
| 650 | 1 | 4 |
_aVivienda rural _zOaxaca. _9120196 |
| 901 | _aBK | ||
| 942 | _cLIBRO | ||
| 949 |
_a333.0972 I58 Oax. _bBC _cINEGI _d33724000622825 _eINEGI _fv.1 _h91213 _i66320 _sb |
||
| 949 |
_a333.0972 I58 Oax. _bBC _cINEGI _d33724000626776 _eINEGI _fv.1 c.2 _h91495 _i66320 _sb _t65.00 |
||
| 949 |
_a333.0972 I58 Oax. _bBC _cINEGI _d33724000715330 _eINEGI _fv.2 c.3 _h94598 _i66320 _sb |
||
| 949 |
_a333.0972 I58 Oax. _bBC _cINEGI _d33724000715348 _eINEGI _fv.1 c.3 _h94597 _i66320 _sb |
||
| 949 |
_a333.0972 I58 Oax. _bBC _cINEGI _d33724000774295 _eINEGI _fv.2 c.2 _h91496 _i66320 _sb _t95.00 |
||
| 949 |
_a333.0972 I58 Oax. _bBC _cINEGI _d33724000830899 _eINEGI _fv.2 _h91214 _i66320 _sb |
||
| 999 |
_c61174 _d61174 |
||